|
|
|
|
| LEADER |
00000nmm a2200000 a 4500 |
| 008 |
180919b2005 cr ||||| |||| 00| | spa d |
| 999 |
|
|
|c 2425
|d 2425
|
| 090 |
|
|
|a CD # 156
|
| 110 |
|
|
|a Universidad de Costa Rica. Vicerrectoría de Acción Social. Trabajo Comunal Universitario
|9 4259
|
| 245 |
1 |
0 |
|a Proyecto La Sala: apoyo a las mujeres trabajadoras sexuales [video ] /
|c Universidad de Costa Rica. Vicerrectoría de Acción Social. Trabajo Comunal Universitario
|
| 260 |
|
|
|a San José, Costa Rica:
|b VAS,
|c 2005
|
| 300 |
|
|
|a Disco Compacto
|
| 650 |
1 |
4 |
|a PROSTITUCIÓN
|9 54
|
| 650 |
1 |
4 |
|a TRABAJADORAS
|9 1774
|
| 650 |
1 |
4 |
|a TRABAJO COMUNAL UNIVERSITARIO (TCU)
|9 773
|
| 942 |
|
|
|i 003457
|h CD # 156
|2 z
|c 01
|